| 000 | 00981nam a2200253Ia 4500 | ||
|---|---|---|---|
| 003 | OSt | ||
| 005 | 20220923220943.0 | ||
| 006 | a|||||r|||| 00| 0 | ||
| 007 | ta | ||
| 008 | 220922b |||||||| |||| 00| 0 hin d | ||
| 024 | _a192,667 | ||
| 037 | _cTextual | ||
| 040 |
_aARTS _cARTS _bhin |
||
| 041 |
_2hin _ahin |
||
| 082 | _aU8.41.N5, 152K4 | ||
| 100 |
_aक्लोचको, माइखेल ए _9164869 |
||
| 245 | 0 | _aकम्युनिस्ट चीन में सोवियत वैज्ञानिक, अनु महेन्द्र भरद्वाज | |
| 246 | _aKamyunisṭa chīn mean soviyat vaijnyānika, anu0 hinendra bharadvāja | ||
| 260 |
_aदिल्ली _b नेशनल एकाडमी प्र0 _c1964 |
||
| 300 |
_a232पृ. _ccm. |
||
| 650 | _aभारतीय-भूगोल | ||
| 942 |
_hU8.41.N5, 152K4 _cTEXL _2CC |
||
| 999 |
_c345239 _d345239 |
||